000 00797nmc a2200277 a 4500
003 AR-BaBNM
005 20251128203651.0
008 217119s1972 ||||||||||||||000 | spa||
040 _cAR-BaBNM
100 1 _aPedemonte, Gotardo C.
245 1 0 _aBelgrano, precursor del seguro argentino
260 _aBuenos Aires
_bServicio de Difusión Técnica del Instituto Nacional de Reaseguros
_c1972
300 0 _a55 p.
490 0 _aCuadernos del Inder
_vv. 4
500 0 _aApéndice p. 49-55
600 1 4 _aBelgrano, Manuel
650 4 _aHISTORIA ARGENTINA
650 4 _aSEGUROS
650 4 _aECONOMIA NACIONAL
650 4 _aPOLITICA ECONOMICA
650 4 _aCONSULADO DE BUENOS AIRES
650 4 _aVIRREINATO DEL RIO DE LA PLATA
651 4 _aArgentina
942 _cBK
998 _cCarmen
999 _c4405
_d4405